[Event "Team men PL final"]
[Site "Sochi"]
[Date "2018.05.01"]
[Round "1.26"]
[White "Najer, Evgeniy"]
[Black "Shirov, Alexei"]
[Result "1-0"]
[BlackElo "2652"]
[WhiteElo "2667"]
[LiveChessVersion "1.4.8"]

1. e4 {[%clk 1:30:54]} e5 {[%clk 1:30:56]} 2. Nf3 {[%clk 1:31:19]} Nc6
{[%clk 1:31:21]} 3. Bb5 {[%clk 1:31:33]} a6 {[%clk 1:31:47]} 4. Ba4
{[%clk 1:31:58]} Nf6 {[%clk 1:32:13]} 5. O-O {[%clk 1:32:22]} b5 {[%clk 1:30:17]}
6. Bb3 {[%clk 1:32:25]} Bc5 {[%clk 1:30:44]} 7. c3 {[%clk 1:31:16]} d6
{[%clk 1:29:19]} 8. a4 {[%clk 1:31:05]} Rb8 {[%clk 1:29:43]} 9. d4
{[%clk 1:31:04]} Bb6 {[%clk 1:30:08]} 10. a5 {[%clk 1:31:09]} Ba7
{[%clk 1:30:32]} 11. h3 {[%clk 1:31:29]} O-O {[%clk 1:30:08]} 12. Be3
{[%clk 1:31:51]} Ra8 {[%clk 1:29:31]} 13. Qe2 {[%clk 1:29:20]} Bb7
{[%clk 1:06:21]} 14. Rd1 {[%clk 1:25:07]} Qe7 {[%clk 0:42:38]} 15. d5
{[%clk 1:17:58]} Nb8 {[%clk 0:43:04]} 16. Bxa7 {[%clk 1:11:42]} Rxa7
{[%clk 0:43:29]} 17. c4 {[%clk 1:12:10]} b4 {[%clk 0:40:58]} 18. c5
{[%clk 1:01:52]} dxc5 {[%clk 0:41:23]} 19. Nbd2 {[%clk 1:02:19]} Nbd7
{[%clk 0:31:34]} 20. Nc4 {[%clk 1:01:34]} Ne8 {[%clk 0:23:05]} 21. Ba4
{[%clk 1:00:29]} Nd6 {[%clk 0:22:44]} 22. Bxd7 {[%clk 0:58:23]} Qxd7
{[%clk 0:23:08]} 23. Ncxe5 {[%clk 0:47:48]} Qb5 {[%clk 0:23:31]} 24. Qxb5
{[%clk 0:37:43]} axb5 {[%clk 0:22:41]} 25. Nd7 {[%clk 0:38:10]} Nxe4
{[%clk 0:23:02]} 26. Nxf8 {[%clk 0:34:58]} Kxf8 {[%clk 0:22:45]} 27. Ne5
{[%clk 0:34:40]} c4 {[%clk 0:21:21]} 28. Nc6 {[%clk 0:17:42]} Bxc6
{[%clk 0:20:29]} 29. dxc6 {[%clk 0:18:10]} b3 {[%clk 0:10:00]} 30. a6
{[%clk 0:16:10]} g6 {[%clk 0:07:24]} 31. f3 {[%clk 0:09:52]} Nc5 {[%clk 0:06:21]}
32. Rd5 {[%clk 0:09:53]} c3 {[%clk 0:05:34]} 33. Rxc5 {[%clk 0:06:48]} Rxa6
{[%clk 0:05:57]} 34. Rf1 {[%clk 0:06:28]} cxb2 {[%clk 0:04:34]} 35. Rxb5
{[%clk 0:04:32]} Rxc6 {[%clk 0:04:42]} 36. Rxb3 {[%clk 0:04:56]} Rc2
{[%clk 0:05:05]} 37. Kh2 {[%clk 0:04:42]} Rc1 {[%clk 0:05:15]} 38. Rg1
{[%clk 0:04:50]} 1-0

[Event "Team men PL final"]
[Site "Sochi"]
[Date "2018.05.01"]
[Round "1.27"]
[White "Malakhov, Vladimir"]
[Black "Motylev, Alexander"]
[Result "1/2-1/2"]
[BlackElo "2660"]
[WhiteElo "2691"]
[LiveChessVersion "1.4.8"]

1. Nf3 {[%clk 1:30:40]} d5 {[%clk 1:30:50]} 2. b3 {[%clk 1:31:04]} Bg4
{[%clk 1:30:57]} 3. Bb2 {[%clk 1:30:51]} Nd7 {[%clk 1:31:09]} 4. g3
{[%clk 1:30:49]} e5 {[%clk 1:30:42]} 5. h3 {[%clk 1:14:18]} Bxf3 {[%clk 1:30:10]}
6. exf3 {[%clk 1:14:44]} Ngf6 {[%clk 1:30:08]} 7. Bg2 {[%clk 1:15:09]} Bc5
{[%clk 1:29:40]} 8. O-O {[%clk 1:12:45]} O-O {[%clk 1:29:53]} 9. c3
{[%clk 1:08:42]} Re8 {[%clk 1:26:33]} 10. d4 {[%clk 1:06:13]} exd4
{[%clk 1:17:57]} 11. cxd4 {[%clk 1:06:32]} Bb6 {[%clk 1:17:53]} 12. Nd2
{[%clk 1:02:58]} Qe7 {[%clk 1:16:44]} 13. f4 {[%clk 0:56:53]} Qe2
{[%clk 1:14:04]} 14. Rb1 {[%clk 0:53:26]} c6 {[%clk 0:50:59]} 15. Nf3
{[%clk 0:42:30]} Qxd1 {[%clk 0:48:18]} 16. Rfxd1 {[%clk 0:42:59]} Ne4
{[%clk 0:47:58]} 17. Rbc1 {[%clk 0:39:16]} a5 {[%clk 0:41:37]} 18. a4
{[%clk 0:38:49]} Nb8 {[%clk 0:32:27]} 19. Ne5 {[%clk 0:31:21]} f6
{[%clk 0:31:55]} 20. Nd3 {[%clk 0:31:37]} Na6 {[%clk 0:32:10]} 21. Bf1
{[%clk 0:28:51]} Nb4 {[%clk 0:26:14]} 22. f5 {[%clk 0:23:07]} Na2
{[%clk 0:21:18]} 23. Rc2 {[%clk 0:19:53]} Nb4 {[%clk 0:21:25]} 24. Rcc1
{[%clk 0:20:08]} Na2 {[%clk 0:21:12]} 25. Rc2 {[%clk 0:20:32]} Nb4
{[%clk 0:21:38]} 1/2-1/2

[Event "Team men PL final"]
[Site "Sochi"]
[Date "2018.05.01"]
[Round "1.28"]
[White "Grachev, Boris"]
[Black "Riazantsev, Alexander"]
[Result "1/2-1/2"]
[BlackElo "2662"]
[WhiteElo "2647"]
[LiveChessVersion "1.4.8"]

1. c4 {[%clk 1:30:57]} e6 {[%clk 1:30:48]} 2. g3 {[%clk 1:31:22]} d5
{[%clk 1:30:35]} 3. Bg2 {[%clk 1:31:46]} Nf6 {[%clk 1:30:53]} 4. Nf3
{[%clk 1:32:00]} dxc4 {[%clk 1:31:02]} 5. O-O {[%clk 1:28:44]} a6
{[%clk 1:29:59]} 6. Qc2 {[%clk 1:26:26]} Bd6 {[%clk 1:29:43]} 7. Qxc4
{[%clk 1:26:23]} b5 {[%clk 1:29:54]} 8. Qc2 {[%clk 1:26:35]} Bb7 {[%clk 1:29:54]}
9. a4 {[%clk 1:23:06]} c5 {[%clk 1:19:54]} 10. Nc3 {[%clk 1:18:43]} Qb6
{[%clk 0:55:36]} 11. d3 {[%clk 0:52:19]} O-O {[%clk 0:47:42]} 12. axb5
{[%clk 0:52:19]} axb5 {[%clk 0:48:09]} 13. Rxa8 {[%clk 0:52:44]} Bxa8
{[%clk 0:48:35]} 14. Bg5 {[%clk 0:49:09]} Nbd7 {[%clk 0:42:43]} 15. Ra1
{[%clk 0:47:16]} Rb8 {[%clk 0:37:55]} 16. Ne5 {[%clk 0:39:02]} Bxg2
{[%clk 0:35:10]} 17. Nxd7 {[%clk 0:38:51]} Nxd7 {[%clk 0:35:29]} 18. Kxg2
{[%clk 0:39:17]} c4 {[%clk 0:30:25]} 19. dxc4 {[%clk 0:38:08]} bxc4
{[%clk 0:30:49]} 20. Rd1 {[%clk 0:32:44]} Bf8 {[%clk 0:26:14]} 21. Be3
{[%clk 0:29:56]} Qb7+ {[%clk 0:22:41]} 22. Qe4 {[%clk 0:24:52]} f5
{[%clk 0:21:45]} 23. Qxb7 {[%clk 0:24:01]} Rxb7 {[%clk 0:22:14]} 24. Rd4
{[%clk 0:23:55]} e5 {[%clk 0:18:03]} 25. Rxc4 {[%clk 0:21:58]} Rxb2
{[%clk 0:18:29]} 26. Rc7 {[%clk 0:21:01]} Nf6 {[%clk 0:17:47]} 27. Bc5
{[%clk 0:15:14]} Bxc5 {[%clk 0:15:46]} 28. Rxc5 {[%clk 0:15:40]} Rc2
{[%clk 0:16:02]} 29. Kf1 {[%clk 0:14:42]} Rc1+ {[%clk 0:16:02]} 30. Kg2
{[%clk 0:15:08]} Rc2 {[%clk 0:16:19]} 31. Kf1 {[%clk 0:15:34]} Rc1+
{[%clk 0:16:42]} 32. Kg2 {[%clk 0:16:01]} Rc2 {[%clk 0:17:06]} 33. Kf1 1/2-1/2

[Event "Team men PL final"]
[Site "Sochi"]
[Date "2018.05.01"]
[Round "1.29"]
[White "Rublevsky, Sergei"]
[Black "Zvjaginsev, Vadim"]
[Result "1/2-1/2"]
[BlackElo "2625"]
[WhiteElo "2665"]
[LiveChessVersion "1.4.8"]

1. e4 {[%clk 1:30:57]} e6 {[%clk 1:30:50]} 2. d4 {[%clk 1:31:22]} d5
{[%clk 1:31:15]} 3. Nd2 {[%clk 1:31:40]} c5 {[%clk 1:31:31]} 4. Ngf3
{[%clk 1:31:51]} Nc6 {[%clk 1:31:43]} 5. exd5 {[%clk 1:31:54]} exd5
{[%clk 1:31:48]} 6. Bb5 {[%clk 1:32:13]} cxd4 {[%clk 1:32:06]} 7. Nxd4
{[%clk 1:31:49]} Bd7 {[%clk 1:31:50]} 8. N2f3 {[%clk 1:25:59]} Nf6
{[%clk 1:31:24]} 9. O-O {[%clk 1:25:35]} Be7 {[%clk 1:31:02]} 10. Re1
{[%clk 1:14:15]} O-O {[%clk 1:30:56]} 11. Bg5 {[%clk 1:14:03]} Re8
{[%clk 1:24:19]} 12. Bxc6 {[%clk 1:10:08]} bxc6 {[%clk 1:24:42]} 13. Ne5
{[%clk 1:10:04]} Qc7 {[%clk 1:06:14]} 14. Qf3 {[%clk 1:07:44]} Bd8
{[%clk 1:06:23]} 15. Qf4 {[%clk 0:50:43]} c5 {[%clk 0:47:35]} 16. Nxd7
{[%clk 0:48:44]} Qxd7 {[%clk 0:45:39]} 17. Nf5 {[%clk 0:47:35]} Re6
{[%clk 0:36:09]} 18. Rad1 {[%clk 0:43:26]} Bc7 {[%clk 0:33:16]} 19. Qf3
{[%clk 0:39:59]} Rae8 {[%clk 0:33:11]} 20. Re3 {[%clk 0:31:55]} Ne4
{[%clk 0:27:33]} 21. Bh6 {[%clk 0:21:09]} Rf6 {[%clk 0:19:13]} 22. Rxe4
{[%clk 0:12:53]} Rxe4 {[%clk 0:18:43]} 23. Qxe4 {[%clk 0:12:06]} Rxf5
{[%clk 0:18:18]} 24. Qg4 {[%clk 0:10:45]} g6 {[%clk 0:18:08]} 25. g3
{[%clk 0:10:03]} Be5 {[%clk 0:15:25]} 26. c3 {[%clk 0:08:28]} Bg7
{[%clk 0:14:58]} 27. Bxg7 {[%clk 0:08:42]} Kxg7 {[%clk 0:15:22]} 28. Qe2
{[%clk 0:06:44]} Qe6 {[%clk 0:13:42]} 29. Re1 {[%clk 0:06:27]} Qxe2
{[%clk 0:12:32]} 30. Rxe2 {[%clk 0:06:55]} Rf6 {[%clk 0:12:53]} 31. Re7
{[%clk 0:04:26]} Rb6 {[%clk 0:10:49]} 32. b3 {[%clk 0:02:27]} Ra6
{[%clk 0:11:14]} 33. Rd7 {[%clk 0:02:12]} Rxa2 {[%clk 0:10:57]} 34. Rxd5
{[%clk 0:02:37]} Ra3 {[%clk 0:11:02]} 35. Rxc5 {[%clk 0:02:49]} Rxb3
{[%clk 0:11:26]} 36. Ra5 {[%clk 0:03:11]} Rxc3 {[%clk 0:11:51]} 37. Rxa7
{[%clk 0:03:37]} Rc2 {[%clk 0:12:18]} 38. h4 {[%clk 0:03:57]} Rc3
{[%clk 0:12:45]} 39. Kg2 {[%clk 0:04:19]} Rc2 {[%clk 0:13:13]} 40. Kf3
{[%clk 0:34:42]} Rc1 {[%clk 0:43:40]} 1/2-1/2

[Event "Team men PL final"]
[Site "Sochi"]
[Date "2018.05.01"]
[Round "1.30"]
[White "Oparin, Grigoriy"]
[Black "Lysyj, Igor"]
[Result "1/2-1/2"]
[BlackElo "2630"]
[WhiteElo "2584"]
[LiveChessVersion "1.4.8"]

1. c4 {[%clk 1:30:56]} b6 {[%clk 1:28:44]} 2. d4 {[%clk 1:28:06]} Bb7
{[%clk 1:28:18]} 3. Nf3 {[%clk 1:28:19]} e6 {[%clk 1:28:02]} 4. g3
{[%clk 1:28:25]} Bb4+ {[%clk 1:27:04]} 5. Bd2 {[%clk 1:28:11]} Bxd2+
{[%clk 1:26:41]} 6. Qxd2 {[%clk 1:28:17]} Bxf3 {[%clk 1:26:32]} 7. exf3
{[%clk 1:28:43]} Nf6 {[%clk 1:26:56]} 8. Bg2 {[%clk 1:28:17]} d5 {[%clk 1:24:53]}
9. f4 {[%clk 1:27:24]} Nc6 {[%clk 1:18:03]} 10. O-O {[%clk 1:24:05]} O-O
{[%clk 1:15:55]} 11. Qc3 {[%clk 1:06:23]} Ne4 {[%clk 1:01:43]} 12. Qd3
{[%clk 1:00:27]} Qd7 {[%clk 0:51:19]} 13. Rd1 {[%clk 0:56:22]} Rad8
{[%clk 0:43:04]} 14. Na3 {[%clk 0:46:59]} Nb4 {[%clk 0:42:30]} 15. Qb3
{[%clk 0:44:17]} a5 {[%clk 0:41:18]} 16. Rac1 {[%clk 0:43:33]} c6
{[%clk 0:33:22]} 17. Nc2 {[%clk 0:35:06]} dxc4 {[%clk 0:31:02]} 18. Qxc4
{[%clk 0:35:15]} Nd6 {[%clk 0:31:18]} 19. Qb3 {[%clk 0:35:17]} Nd5
{[%clk 0:30:20]} 20. Ne1 {[%clk 0:34:37]} Qb7 {[%clk 0:23:27]} 21. Nf3
{[%clk 0:34:20]} Rc8 {[%clk 0:23:41]} 22. Ne5 {[%clk 0:33:23]} Rc7
{[%clk 0:23:34]} 23. a3 {[%clk 0:30:28]} Rfc8 {[%clk 0:23:24]} 24. Rc2
{[%clk 0:28:53]} g6 {[%clk 0:21:05]} 25. Qd3 {[%clk 0:25:39]} Nf5
{[%clk 0:20:39]} 26. Rdc1 {[%clk 0:24:05]} Nfe7 {[%clk 0:15:21]} 27. h4
{[%clk 0:20:54]} h5 {[%clk 0:15:35]} 28. Qd2 {[%clk 0:19:51]} Kg7
{[%clk 0:14:45]} 29. Rc4 {[%clk 0:15:03]} Nf5 {[%clk 0:13:48]} 30. R4c2
{[%clk 0:11:16]} Nfe7 {[%clk 0:13:42]} 31. Rc4 {[%clk 0:10:56]} Nf5
{[%clk 0:14:08]} 32. R4c2 {[%clk 0:11:22]} 1/2-1/2

[Event "Team men PL final"]
[Site "Sochi"]
[Date "2018.05.02"]
[Round "2.2"]
[White "Inarkiev, Ernesto"]
[Black "Vitiugov, Nikita"]
[Result "1/2-1/2"]
[BlackElo "2740"]
[WhiteElo "2686"]
[LiveChessVersion "1.4.8"]

1. e4 {[%clk 1:28:39]} e5 {[%clk 1:30:26]} 2. Nf3 {[%clk 1:28:31]} Nc6
{[%clk 1:30:49]} 3. Bc4 {[%clk 1:28:58]} Bc5 {[%clk 1:30:42]} 4. O-O
{[%clk 1:29:16]} Nf6 {[%clk 1:30:46]} 5. d3 {[%clk 1:29:43]} d6 {[%clk 1:30:25]}
6. c3 {[%clk 1:29:59]} h6 {[%clk 1:29:15]} 7. Re1 {[%clk 1:29:28]} O-O
{[%clk 1:28:54]} 8. Nbd2 {[%clk 1:28:47]} a6 {[%clk 1:27:02]} 9. Nf1
{[%clk 1:28:21]} Ba7 {[%clk 1:23:23]} 10. Bb3 {[%clk 1:27:18]} Be6
{[%clk 1:09:20]} 11. Bxe6 {[%clk 1:24:24]} fxe6 {[%clk 1:09:44]} 12. Be3
{[%clk 1:24:29]} Bxe3 {[%clk 1:07:39]} 13. Rxe3 {[%clk 1:24:52]} Ne7
{[%clk 1:02:42]} 14. h3 {[%clk 1:12:21]} Ng6 {[%clk 1:00:20]} 15. g3
{[%clk 1:11:45]} Qd7 {[%clk 0:59:00]} 16. N1h2 {[%clk 1:02:39]} Rf7
{[%clk 0:57:13]} 17. Qb3 {[%clk 0:58:45]} b6 {[%clk 0:52:55]} 18. Rf1
{[%clk 0:50:09]} Raf8 {[%clk 0:48:12]} 19. h4 {[%clk 0:48:24]} a5
{[%clk 0:43:45]} 20. a4 {[%clk 0:47:11]} Kh8 {[%clk 0:33:17]} 21. Qd1
{[%clk 0:44:13]} Kg8 {[%clk 0:32:14]} 22. Qb3 {[%clk 0:40:06]} Kh8
{[%clk 0:31:40]} 23. Qd1 {[%clk 0:39:52]} Kg8 {[%clk 0:31:54]} 24. Nd2
{[%clk 0:33:40]} Qe8 {[%clk 0:30:43]} 25. Kg2 {[%clk 0:30:51]} Rd7
{[%clk 0:27:47]} 26. Ng4 {[%clk 0:23:36]} Rdf7 {[%clk 0:24:14]} 27. Nxf6+
{[%clk 0:19:49]} Rxf6 {[%clk 0:24:39]} 28. Rf3 {[%clk 0:19:15]} Rxf3
{[%clk 0:15:49]} 29. Nxf3 {[%clk 0:19:43]} Ne7 {[%clk 0:15:55]} 30. Nh2
{[%clk 0:16:37]} Kh8 {[%clk 0:15:28]} 31. Ng4 {[%clk 0:14:42]} Ng8
{[%clk 0:14:50]} 32. d4 {[%clk 0:12:04]} Nf6 {[%clk 0:12:27]} 33. dxe5
{[%clk 0:07:29]} Nxg4 {[%clk 0:12:31]} 34. Qxg4 {[%clk 0:07:57]} dxe5
{[%clk 0:12:13]} 35. b3 {[%clk 0:07:54]} Qf7 {[%clk 0:09:18]} 36. Qe2
{[%clk 0:05:12]} Qe7 {[%clk 0:07:26]} 37. Rd1 {[%clk 0:05:18]} Kh7
{[%clk 0:03:04]} 38. Qc4 {[%clk 0:03:31]} Qf6 {[%clk 0:02:51]} 39. Qe2
{[%clk 0:02:59]} Qe7 {[%clk 0:02:35]} 40. Rd3 {[%clk 0:32:13]} Kg8
{[%clk 0:31:04]} 41. Qd2 {[%clk 0:19:22]} Qf6 {[%clk 0:28:30]} 42. b4
{[%clk 0:17:06]} Qg6 {[%clk 0:26:46]} 43. f3 {[%clk 0:17:10]} Qf6
{[%clk 0:16:17]} 44. bxa5 {[%clk 0:17:13]} bxa5 {[%clk 0:16:18]} 45. c4
{[%clk 0:17:39]} Ra8 {[%clk 0:12:24]} 46. Qb2 {[%clk 0:17:53]} Kh7
{[%clk 0:10:42]} 47. c5 {[%clk 0:17:43]} Rd8 {[%clk 0:07:50]} 48. Rxd8
{[%clk 0:14:06]} Qxd8 {[%clk 0:08:15]} 49. Qxe5 {[%clk 0:14:28]} Qd7
{[%clk 0:08:26]} 50. Kh3 {[%clk 0:13:22]} Qxa4 {[%clk 0:06:56]} 51. Qxe6
{[%clk 0:13:34]} Qd1 {[%clk 0:06:07]} 52. Qf5+ {[%clk 0:12:56]} Kh8
{[%clk 0:06:16]} 53. Qf7 {[%clk 0:04:10]} a4 {[%clk 0:05:00]} 54. e5
{[%clk 0:04:36]} a3 {[%clk 0:04:31]} 55. e6 {[%clk 0:05:00]} Qf1+
{[%clk 0:04:30]} 56. Kg4 {[%clk 0:01:43]} Qc4+ {[%clk 0:04:53]} 57. Kh3
{[%clk 0:02:11]} Qf1+ {[%clk 0:04:42]} 58. Kg4 {[%clk 0:02:35]} Qc4+
{[%clk 0:05:06]} 59. Kh3 {[%clk 0:03:02]} 1/2-1/2

[Event "Team men PL final"]
[Site "Sochi"]
[Date "2018.05.02"]
[Round "2.3"]
[White "Fedoseev, Vladimir"]
[Black "Najer, Evgeniy"]
[Result "1-0"]
[BlackElo "2667"]
[WhiteElo "2706"]
[LiveChessVersion "1.4.8"]

1. e4 {[%clk 1:30:56]} c5 {[%clk 1:29:17]} 2. Nc3 {[%clk 1:31:14]} d6
{[%clk 1:27:55]} 3. d4 {[%clk 1:31:21]} cxd4 {[%clk 1:28:14]} 4. Qxd4
{[%clk 1:31:44]} Nc6 {[%clk 1:28:03]} 5. Qd2 {[%clk 1:31:47]} Nf6
{[%clk 1:24:23]} 6. b3 {[%clk 1:32:07]} e5 {[%clk 1:16:03]} 7. Bb2
{[%clk 1:30:17]} Be7 {[%clk 1:16:26]} 8. g3 {[%clk 1:30:39]} O-O {[%clk 1:16:46]}
9. Bg2 {[%clk 1:24:13]} Nd4 {[%clk 1:09:37]} 10. Nge2 {[%clk 1:07:14]} Nxe2
{[%clk 1:09:51]} 11. Qxe2 {[%clk 1:06:58]} Bg4 {[%clk 1:06:50]} 12. Qd3
{[%clk 1:01:03]} Rc8 {[%clk 1:06:52]} 13. O-O {[%clk 1:00:50]} Qc7
{[%clk 1:03:14]} 14. a4 {[%clk 0:52:26]} Qc5 {[%clk 0:51:42]} 15. Rfc1
{[%clk 0:45:18]} Rfd8 {[%clk 0:46:23]} 16. a5 {[%clk 0:44:23]} a6
{[%clk 0:33:15]} 17. Qd2 {[%clk 0:43:32]} Qc6 {[%clk 0:21:13]} 18. h3
{[%clk 0:40:38]} Bd7 {[%clk 0:17:46]} 19. Kh2 {[%clk 0:38:40]} h5
{[%clk 0:16:47]} 20. f4 {[%clk 0:31:43]} b5 {[%clk 0:13:27]} 21. Nd5
{[%clk 0:26:48]} Nxd5 {[%clk 0:13:33]} 22. exd5 {[%clk 0:27:12]} Qc7
{[%clk 0:13:46]} 23. Qe2 {[%clk 0:27:27]} h4 {[%clk 0:13:32]} 24. gxh4
{[%clk 0:26:22]} Re8 {[%clk 0:11:49]} 25. Qf2 {[%clk 0:23:16]} Qd8
{[%clk 0:10:29]} 26. Be4 {[%clk 0:19:12]} f5 {[%clk 0:09:31]} 27. Bf3
{[%clk 0:16:21]} Bxh4 {[%clk 0:07:29]} 28. Qg2 {[%clk 0:16:43]} g5
{[%clk 0:05:20]} 29. fxe5 {[%clk 0:15:29]} dxe5 {[%clk 0:05:47]} 30. Bh5
{[%clk 0:13:37]} Re7 {[%clk 0:05:23]} 31. c4 {[%clk 0:10:09]} Rh7
{[%clk 0:04:19]} 32. Be2 {[%clk 0:08:40]} f4 {[%clk 0:02:26]} 33. Qe4
{[%clk 0:08:43]} Qf6 {[%clk 0:01:50]} 34. cxb5 {[%clk 0:07:31]} Bg3+
{[%clk 0:00:37]} 35. Kg1 {[%clk 0:07:50]} Bxh3 {[%clk 0:00:45]} 36. Bd3
{[%clk 0:05:03]} Bh2+ {[%clk 0:00:33]} 37. Kh1 {[%clk 0:04:59]} Rh4
{[%clk 0:00:48]} 38. Bxe5 {[%clk 0:04:46]} Qh6 {[%clk 0:00:55]} 39. Bd4
{[%clk 0:03:53]} f3 {[%clk 0:00:34]} 40. Rxc8+ {[%clk 0:34:45]} Bxc8
{[%clk 0:31:10]} 41. Qe8+ {[%clk 0:35:09]} 1-0

[Event "Team men PL final"]
[Site "Sochi"]
[Date "2018.05.02"]
[Round "2.4"]
[White "Motylev, Alexander"]
[Black "Matlakov, Maxim"]
[Result "1/2-1/2"]
[BlackElo "2704"]
[WhiteElo "2660"]
[LiveChessVersion "1.4.8"]

1. e4 {[%clk 1:30:57]} e5 {[%clk 1:30:37]} 2. Nf3 {[%clk 1:31:21]} Nc6
{[%clk 1:31:02]} 3. Bb5 {[%clk 1:31:44]} a6 {[%clk 1:31:18]} 4. Ba4
{[%clk 1:32:05]} Nf6 {[%clk 1:31:33]} 5. O-O {[%clk 1:32:24]} Nxe4
{[%clk 1:30:49]} 6. d4 {[%clk 1:31:45]} b5 {[%clk 1:30:59]} 7. Bb3
{[%clk 1:32:09]} d5 {[%clk 1:31:21]} 8. dxe5 {[%clk 1:32:05]} Be6
{[%clk 1:31:36]} 9. Nbd2 {[%clk 1:30:32]} Be7 {[%clk 1:30:39]} 10. c3
{[%clk 1:30:19]} O-O {[%clk 1:30:31]} 11. Qe2 {[%clk 1:24:39]} Nc5
{[%clk 1:15:56]} 12. Nd4 {[%clk 1:23:53]} Nxd4 {[%clk 1:10:35]} 13. cxd4
{[%clk 1:23:06]} Nxb3 {[%clk 1:10:33]} 14. Nxb3 {[%clk 1:23:28]} c5
{[%clk 1:10:30]} 15. Nxc5 {[%clk 1:18:49]} Bxc5 {[%clk 1:09:03]} 16. dxc5
{[%clk 1:19:13]} d4 {[%clk 1:09:19]} 17. Qe4 {[%clk 1:13:48]} a5 {[%clk 0:44:20]}
18. Rd1 {[%clk 0:56:56]} Qc7 {[%clk 0:42:32]} 19. Rxd4 {[%clk 0:55:42]} Qxc5
{[%clk 0:42:42]} 20. Be3 {[%clk 0:55:51]} Rac8 {[%clk 0:41:41]} 21. Rd8
{[%clk 0:36:43]} Qc2 {[%clk 0:37:26]} 22. Rxf8+ {[%clk 0:36:30]} Kxf8
{[%clk 0:37:51]} 23. Qd4 {[%clk 0:36:03]} h6 {[%clk 0:33:04]} 24. h3
{[%clk 0:33:08]} Qe2 {[%clk 0:33:27]} 25. a3 {[%clk 0:29:39]} Kg8
{[%clk 0:31:48]} 26. Qd2 {[%clk 0:21:29]} Qxd2 {[%clk 0:26:56]} 27. Bxd2
{[%clk 0:21:50]} Rc2 {[%clk 0:26:54]} 28. Bxa5 {[%clk 0:21:13]} Rxb2
{[%clk 0:27:18]} 29. Rd1 {[%clk 0:20:32]} Kh7 {[%clk 0:24:52]} 30. Bb4
{[%clk 0:18:58]} h5 {[%clk 0:23:02]} 31. Rd4 {[%clk 0:17:19]} g5 {[%clk 0:14:14]}
32. g4 {[%clk 0:14:00]} Re2 {[%clk 0:10:42]} 33. Bd6 {[%clk 0:12:10]} Rc2
{[%clk 0:10:52]} 34. Be7 {[%clk 0:05:19]} hxg4 {[%clk 0:10:49]} 35. hxg4
{[%clk 0:05:36]} Rc4 {[%clk 0:11:12]} 36. Rxc4 {[%clk 0:05:34]} Bxc4
{[%clk 0:11:36]} 37. f3 {[%clk 0:05:11]} Kg6 {[%clk 0:11:58]} 38. Kf2
{[%clk 0:05:36]} Bd5 {[%clk 0:12:12]} 39. Ke3 {[%clk 0:06:02]} Bb7
{[%clk 0:12:31]} 40. Bf6 {[%clk 0:36:18]} Bc6 {[%clk 0:42:55]} 41. Be7
{[%clk 0:36:34]} 1/2-1/2

[Event "Team men PL final"]
[Site "Sochi"]
[Date "2018.05.02"]
[Round "2.5"]
[White "Rodshtein, Maxim"]
[Black "Grachev, Boris"]
[Result "1-0"]
[BlackElo "2647"]
[WhiteElo "2678"]
[LiveChessVersion "1.4.8"]

1. c4 {[%clk 1:30:55]} e6 {[%clk 1:30:49]} 2. Nf3 {[%clk 1:31:07]} d5
{[%clk 1:30:56]} 3. d4 {[%clk 1:31:25]} Nf6 {[%clk 1:31:09]} 4. g3
{[%clk 1:31:42]} Be7 {[%clk 1:31:06]} 5. Bg2 {[%clk 1:31:39]} O-O
{[%clk 1:31:28]} 6. O-O {[%clk 1:31:40]} dxc4 {[%clk 1:31:53]} 7. Qc2
{[%clk 1:31:53]} c6 {[%clk 1:32:16]} 8. Qxc4 {[%clk 1:31:19]} b5 {[%clk 1:32:30]}
9. Qc2 {[%clk 1:31:39]} Bb7 {[%clk 1:32:55]} 10. Rd1 {[%clk 1:30:16]} Nbd7
{[%clk 1:30:21]} 11. Nc3 {[%clk 1:25:49]} Rc8 {[%clk 0:51:40]} 12. Bg5
{[%clk 1:03:52]} c5 {[%clk 0:35:58]} 13. Bxf6 {[%clk 0:22:36]} Bxf6
{[%clk 0:25:33]} 14. Ng5 {[%clk 0:21:50]} Bxg5 {[%clk 0:21:18]} 15. Bxb7
{[%clk 0:22:14]} Rc7 {[%clk 0:19:51]} 16. dxc5 {[%clk 0:22:24]} Rxc5
{[%clk 0:18:40]} 17. Qb3 {[%clk 0:21:56]} Qe7 {[%clk 0:10:40]} 18. Bg2
{[%clk 0:13:46]} Nf6 {[%clk 0:09:16]} 19. a4 {[%clk 0:11:45]} bxa4
{[%clk 0:09:08]} 20. Rxa4 {[%clk 0:12:09]} g6 {[%clk 0:05:50]} 21. Qa3
{[%clk 0:07:58]} Rc7 {[%clk 0:05:13]} 22. Nb5 {[%clk 0:07:15]} Qxa3
{[%clk 0:05:08]} 23. bxa3 {[%clk 0:07:38]} Rc2 {[%clk 0:05:14]} 24. Bf3
{[%clk 0:05:08]} e5 {[%clk 0:03:53]} 25. h4 {[%clk 0:04:34]} Bd2 {[%clk 0:02:23]}
26. Nxa7 {[%clk 0:03:02]} Re8 {[%clk 0:02:36]} 27. Nb5 {[%clk 0:00:40]} e4
{[%clk 0:01:51]} 28. Bg2 {[%clk 0:00:57]} e3 {[%clk 0:01:35]} 29. f4
{[%clk 0:01:19]} Rb2 {[%clk 0:01:04]} 30. Nd6 {[%clk 0:00:47]} Re6
{[%clk 0:00:32]} 31. Nc4 {[%clk 0:01:11]} Ra2 {[%clk 0:00:37]} 32. Bf3
{[%clk 0:00:51]} Ne4 {[%clk 0:00:42]} 33. Ra8+ {[%clk 0:00:51]} Kg7
{[%clk 0:01:10]} 34. Kg2 {[%clk 0:00:34]} Nc3 {[%clk 0:01:16]} 35. Rf1
{[%clk 0:00:58]} Rc2 {[%clk 0:00:50]} 36. Ra7 {[%clk 0:00:52]} Nb5
{[%clk 0:00:47]} 37. Rb7 {[%clk 0:00:58]} Rxc4 {[%clk 0:00:42]} 38. Rxb5
{[%clk 0:01:19]} Ra4 {[%clk 0:00:40]} 39. Ra1 {[%clk 0:01:20]} Rea6
{[%clk 0:00:41]} 40. Rb7 {[%clk 0:30:49]} Ra7 {[%clk 0:30:42]} 41. Rxa7
{[%clk 0:30:37]} Rxa7 {[%clk 0:27:34]} 42. a4 {[%clk 0:30:47]} Ra5
{[%clk 0:26:03]} 43. Bc6 {[%clk 0:24:25]} Rc5 {[%clk 0:26:27]} 44. Bb5
{[%clk 0:24:30]} h6 {[%clk 0:23:59]} 45. Kf3 {[%clk 0:22:51]} g5 {[%clk 0:23:58]}
46. Bd3 {[%clk 0:19:21]} gxh4 {[%clk 0:22:00]} 47. gxh4 {[%clk 0:19:34]} Kf6
{[%clk 0:21:54]} 48. Rb1 {[%clk 0:19:20]} Rh5 {[%clk 0:21:52]} 49. Rb6+
{[%clk 0:17:25]} Kg7 {[%clk 0:22:16]} 50. f5 {[%clk 0:17:27]} 1-0